000 00246nam a2200097Ia 4500
001 724308
005 20250826163348.0
008 250824s9999 xx 000 0 und d
245 0 _aAMBERİN ZAMAN KAPSÜLÜ
_cFİGEN GÜLÜ
260 _bTUDEM YAYINLARI
999 _c724308
_d724308